00410nam a2200193Ia 4500003000900000008004100009040001300050040001300063041000800076100001900084100000900103245003800112250000900150260002100159260000900180300000800189490001300197490000600210IT-RoPAU120407s9999 xx 000 0 und d aIT-RoPAU cIT-RoPAU aita aWendelin Meyer cofm. aL’anno santificato dalla suora. aAlba aEdizioni Paoline c1959 c cm aAlere II v1